00827 2200289 4500001002100000005001500021035002000036007000300056008004100059020002200100040002200122082001700144084001900161090002200180100004000202245005200242250003100294300002700325650002000352850001200372264003500384336002100419337003000440338002300470999002200493990002200515INLIS00000000088122620230825112448 a0010-0823000716ta230825s2023 yoi g 0 f ind d a978-623-183-364-8 aYOPDYOGbinderda04223a899.2213 a899.2213 CHA k aCB-D.11 2023-17820 aChairul al- Attard1988-ePengarang10aKata-kata yang menggembara /cChairul al- Attar aCetakan pertama, Juni 2023 ax, 87 halaman ;c19 cm 4aFiksi Indonesia aYOPDYOG31aBantul :bJejak Pustaka,c2023 2rdacontentateks 2rdamediaatanpa perantara 2rdacarrieravolume aCB-D.11/2023-1782 aCB-D.11/2023-1782